The McGraw-Hill Dictionary of Modern Economics : A Handbook of Terms and Organizations. (Record no. 3415)

MARC details
005 - DATE AND TIME OF LATEST TRANSACTION
control field 20250607103249.0
082 ## - DEWEY DECIMAL CLASSIFICATION NUMBER
Classification number REF 330.03 GRE
100 ## - MAIN ENTRY--PERSONAL NAME
Author name GREENWALD, D.
245 ## - TITLE STATEMENT
Title The McGraw-Hill Dictionary of Modern Economics : A Handbook of Terms and Organizations.
260 ## - PUBLICATION, DISTRIBUTION, ETC.
Place of publication, distribution, etc. New York,
Name of publisher, distributor, etc. McGraw-Hill,
Date of publication, distribution, etc. 1965.
300 ## - PHYSICAL DESCRIPTION
Extent xvii, 697p.: ill.;
Dimensions 21cm.
942 ## - ADDED ENTRY ELEMENTS (KOHA)
Source of classification or shelving scheme Dewey Decimal Classification
Koha item type Books
Holdings
Date last seen Total checkouts Full call number Barcode Cost, replacement price Price effective from Koha item type Lost status Source of classification or shelving scheme Damaged status Not for loan Withdrawn status Home library Current library Shelving location Date acquired Cost, normal purchase price
06/07/2025   REF 330.03 GRE 00000011465 30000.00 06/07/2025 Books   Dewey Decimal Classification       College of Business Education Main Library College of Business Education Main Library Reference Collection 06/07/1968 10000.00
06/07/2025   REF 330.03 GRE 00000011466 30000.00 06/07/2025 Books   Dewey Decimal Classification       College of Business Education Main Library College of Business Education Main Library Reference Collection 06/07/1968 10000.00